000 00889nam a22002057a 4500
999 _c3427
_d3427
003 AR-CdUCM
008 190306b ||||| |||| 00| 0 spa d
040 _aMUNICIPALIDAD PROVINCIAL DEL CUSCO
_cBIBLIOTECA MUNICIPAL DEL CUSCO
082 _a330.985 /
_bR21
100 _aRamirez Gaston, J. M.
_911304
245 _aMedio siglo de la política económica y financiera del Perú, 1915-64 /
260 _aLima :
_bLa Confianza,
_c1974.
300 _a314 páginas ;
_c22 cm.
505 _aContenido: Crédito Cooperativo y reforma Agraria -- Evoluciones de la riqueza agrícola en el Perú -- Instituciones del crédito agrícola cooperativo -- Perú y Chile en el campo económico y financiero -- Política tributaria -- Política Agraria ...
650 _aPolítica económica
_91407
650 _aFinanzas públicas
_93448
650 _aPerú
_935
942 _2ddc
_cLIBROS
945 _aachl